01255nam a2200325 a 4500001001200000003000800012006001900020007001500039008004100054020001800095040002100113035002100134043001200155050002500167100002000192245010700212246004000319260003400359300001100393504005100404533015200455650003900607650003500646650003000681651002900711655002900740710001700769856012600786999001700912ebr10254896CaPaEBRm u cr cn|||||||||090430s2007 enk sb 001 0 eng d z9781845113261 aCaPaEBRcCaPaEBR a(OCoLC)646767735 ae-uk---14aBL980.G7bB73 2007eb1 aBradley, Ian C.10aBelieving in Britainh[electronic resource] :bthe spiritual identity of 'Britishness' /cIan Bradley.30aSpiritual identity of 'Britishness' aLondon :bI.B. Tauris,c2007. a248 p. aIncludes bibliographical references and index. aElectronic reproduction.bPalo Alto, Calif. :cebrary,d2013.nAvailable via World Wide Web.nAccess may be limited to ebrary affiliated libraries. 0aNational characteristics, British. 0aGroup identityzGreat Britain. 0aEthnologyzGreat Britain. 0aGreat BritainxReligion. 7aElectronic books.2local2 aebrary, Inc.40uhttp://site.ebrary.com/lib/rucke/Doc?id=10254896zAn electronic book accessible through the World Wide Web; click to view c14660d14660